Resumen de las conferencias de tecnología mecánica / dadas por José Serrat y Bonastre
Descripción Física:
146, 63 p. : il. ; 22 cm
Materias:
Tecnologia -- Congressos
MARC
| LEADER | 00000nam a2200000Ia 4500 | ||
|---|---|---|---|
| 001 | 18720 | ||
| 008 | 160829s1911 xx 000 0 cat d | ||
| 080 | |a C-2-484 | ||
| 100 | |a Serrat y Bonastre, José |9 38390 | ||
| 245 | |a Resumen de las conferencias de tecnología mecánica / dadas por José Serrat y Bonastre | ||
| 260 | |a Barcelona : |b Librería Agustín Bosch, |c 1911 | ||
| 300 | |a 146, 63 p. : |b il. ; |c 22 cm | ||
| 590 | |a A la part superior de la portada: Obreros pensionados al extrangero. | ||
| 590 | |a Prové de 3269, exp. 3 | ||
| 650 | |a Tecnologia |x Congressos |9 38391 | ||
| 901 | |a Arxiu | ||
| 942 | |n 1 | ||
| 952 | |0 0 |1 0 |4 0 |6 C2484 |7 1 |9 48399 |a Arxiu |b Arxiu |d 2016-12-01 |l 0 |o C-2-484 |p 18720 |r 2016-12-01 00:00:00 |w 2016-12-01 |y ARXIU | ||
| 999 | |c 52227 |d 52227 | ||